00848nam a22002411i 450000100060000000300080000600500170001400800390003103500190007003500190008904000380010804100080014608200220015410000590017624500510023526000330028630000290031950400410034865100460038994200120043599900170044795201420046423256BD-RjUL20211209000917.0140310s1916 nyua 000 0 eng a(BD-RjUL)23321 a(OCoLC)3721940 aDLCcAMobSdOTdDLCdBD-RjULbeng aeng a915.695bHEL 19161 aHeusser, Albert H.q(Albert Henry),d1886-1929.97168114aThe land of the prophets /cAlbert H. Heusser. aNew York :bCrowell,cc1916. a316 p. :bill. ;c23 cm. aIncludes historical notes and index. 0aPalestinexDescription and travel.971043 2ddccBK c23256d23256 00102ddc40728NFICaRUCLbRUCLcReadingd1966-11-08eAH. Quarishig8.40l0o915.695 HEL 1916r2014-03-10 00:00:00tC-1w2014-03-10yBK